Normal view
MARC view
- Fuente, Angel de la
Entry Personal Name
001 - CONTROL NUMBER
- control field: 26156
003 - CONTROL NUMBER IDENTIFIER
- control field: IN-BhIIT
005 - DATE AND TIME OF LATEST TRANSACTION
- control field: 20250710112223.0
008 - FIXED-LENGTH DATA ELEMENTS
- fixed length control field: 250710|| aca||aabn | a|a d
040 ## - CATALOGING SOURCE
- Original cataloging agency: IN-BhIIT
- Transcribing agency: IN-BhIIT
100 ## - HEADING--PERSONAL NAME
- Personal name: Fuente, Angel de la
670 ## - SOURCE DATA FOUND
- Source citation: Work cat.: (IN-BhIIT)14691: Fuente, Angel de la. Author, Mathematical methods and models for economists /, 2000.